Hướng dẫn sử dụng SolidWorks trong thiết kế 3 chiều

Spremljeno u:
Bibliografski detalji
Glavni autor: Nguyễn Việt Hùng
Format: Knjiga
Jezik:Undetermined
Izdano: Hà Nội Xây dựng 2003
Teme:
Oznake: Dodaj oznaku
Bez oznaka, Budi prvi tko označuje ovaj zapis!
Thư viện lưu trữ: Trung tâm Học liệu Trường Đại học Cần Thơ
LEADER 00612nam a2200205Ia 4500
001 CTU_62439
008 210402s9999 xx 000 0 und d
020 |b 29000 
082 |a 620.00420285 
082 |b H513 
100 |a Nguyễn Việt Hùng 
245 0 |a Hướng dẫn sử dụng SolidWorks trong thiết kế 3 chiều 
245 0 |c Nguyễn Việt Hùng 
260 |a Hà Nội 
260 |b Xây dựng 
260 |c 2003 
650 |a computer-aided design 
650 |x computer programs 
904 |i Minh 
980 |a Trung tâm Học liệu Trường Đại học Cần Thơ